| 000 | 00505nam a2200169Ia 4500 | ||
|---|---|---|---|
| 008 | 230917s9999||||xx |||||||||||||| ||und|| | ||
| 020 | _cRS150 | ||
| 040 |
_e227510 _aMAIN |
||
| 041 | _aEnglish | ||
| 082 | _a891.432761 SH51D | ||
| 100 | _aसुलभ, हषीकेश | ||
| 245 | 0 | _aदालिया | |
| 260 |
_aनई दिल्ली _bराजकमल प्रकाशन _c2014 |
||
| 300 | _a63 पृ. p. | ||
| 500 | _a2080 13/08/2015 RKP15/3933 22/08/2015 Main Budget | ||
| 942 | _cBK | ||
| 999 |
_c15554 _d15554 |
||